Ley de Accidentes del Trabajo (Decreto de 8 de octubre de 1932) y reglamento para su apilcación (aprobado el 31 de enero de 1933) : accidentes del trabajo y de mar, enfermedad, maternidad y muerte, incendios / Mutua General de Seguros accidentes del trabajo y de mar, enfermedad, maternidad y muerte, incendios / Mutua General de Seguros
MARC
| LEADER | 00000nam a2200000Ia 4500 | ||
|---|---|---|---|
| 001 | 23532 | ||
| 008 | 160829s9999 xx 000 0 cat d | ||
| 080 | |a RF-16-79 | ||
| 110 | 2 | |a Mutua General de Seguros (Barcelona) |9 53584 | |
| 245 | |a Ley de Accidentes del Trabajo (Decreto de 8 de octubre de 1932) y reglamento para su apilcación (aprobado el 31 de enero de 1933) : |b accidentes del trabajo y de mar, enfermedad, maternidad y muerte, incendios / Mutua General de Seguros | ||
| 260 | |a Barcelona : |b Imp. Garrofé, [1934] | ||
| 300 | |a 40 p. ; |c 24 cm | ||
| 590 | |a A la portada: Fundada en 1907. | ||
| 590 | |a Núm. de full registral: 4668. | ||
| 610 | 2 | 0 | |a Mutua General de Seguros (Barcelona) |9 53584 |
| 650 | |a Assegurances |x Dret i legislació |9 48928 | ||
| 856 | 4 | |u https://media.diba.cat/diba/fitxers/arxiu/fulletons/bib_23532_baixa.pdf |y Accés lliure | |
| 856 | 4 | |u https://media.diba.cat/diba/fitxers/arxiu/fulletons/bib_23532_baixa.pdf |y Accés lliure | |
| 901 | |a Arxiu | ||
| 942 | |n 1 |2 udc | ||
| 952 | |0 0 |1 0 |4 0 |6 RF1679 |7 1 |9 54977 |a Arxiu |b Arxiu |d 2012-08-07 |l 0 |o RF-16-79 |p 23532 |r 2016-12-01 00:00:00 |w 2016-12-01 |y ARXIU | ||
| 999 | |c 58847 |d 58847 | ||
| 900 | |a bib_23532_baixa.pdf | ||